000 00466nam a2200193Ia 4500
005 20250423100240.0
008 250422s9999 xx 000 0 und d
020 _a978-0-13-509489-1
050 _aQA 76.9 .S88 .H6197/
100 _aHoffer, Jeffrey A.
245 0 _aModern systems analysis and design
250 _a6th ed.
260 _aNew Jersey
260 _bPearson Education
260 _c2011
300 _a602 p
650 _aComputer
942 _cBK
999 _c32731
_d32731